Francisco Gabilondo Soler Su obra y sus pasiones; una herencia para Mx̌ico /

Bibliographic Details
Main Author: Australia, Gerardo
Format: eBook
Language:Spanish
Published: Ciudad de Mx̌ico: Cm̀ara de Diputados, 2016
Subjects:
Online Access:Acceso restringido

MARC

LEADER 00000nam a22000007a 4500
005 20170927220810.0
007 cr|||| ||||
008 170927s2016 mx |||||s||||f00||0 spa d
020 |a 978-607-8389-09-4 
035 |a 20624 
040 |a vLex 
090 |c 7022  |d 7022 
100 1 |a Australia, Gerardo 
245 1 0 |a Francisco Gabilondo Soler  |h [Recurso electrn̤ico] :  |b Su obra y sus pasiones; una herencia para Mx̌ico /  |c Gerardo Australia 
256 |a Servicio en ln̕ea 
260 |a Ciudad de Mx̌ico:  |b Cm̀ara de Diputados,  |c 2016 
300 |a 1 recurso electrn̤ico 
506 1 |a Disponible solo en los productos indicados  |d vLex Global  |d vLex Global (Academic Edition, excluding Law Schools)  |d vLex Global (U.S. Academic Edition, Law Schools)  |d vLex Global (U.S. Academic Edition, excluding Law Schools)  |d vLex Global (Academic Edition, Law Schools) 
650 0 4 |a Derecho Civil  |z Mx̌ico 
740 0 |a vLex Libros (Servicio en ln̕ea) 
856 4 0 |u http://vlex.com/source/francisco-gabilondo-soler-su-obra-y-sus-pasiones-una-herencia-para-mexico-20624  |z Acceso restringido 
942 |c BOOK 
999 0 |a Civil Law